| 000 | 05726nam a2200433Ia 4500 | ||
|---|---|---|---|
| 001 | dia_4886 | ||
| 003 | CHAP | ||
| 005 | 20240917095704.0 | ||
| 007 | ta | ||
| 008 | 220117s2012 mx do frm a001 0 spa d | ||
| 010 | _a170796 | ||
| 040 |
_cCHAP _amxchpua _erda |
||
| 041 | 0 |
_aspa _beng |
|
| 090 |
_aTesis _bG668 _c2012 |
||
| 100 | 1 | _aGonzález Domínguez, María de los Ángeles | |
| 245 | 1 | 0 |
_aElaboración de un atole integral como alternativa de uso del trigo (Triticum aestivum) producido en el estado de México / _cMaría de los Ángeles González Domínguez |
| 264 |
_aChapingo, México : _bEl autor, _c2012 |
||
| 300 |
_axii, 64 hojas : _bgráficas, diagramas, tablas, fotos + _e1 CD-ROM |
||
| 336 |
_2rdacontent _atexto _btxt |
||
| 337 |
_2rdamedia _ano mediado _bn |
||
| 338 |
_2rdacarrier _avolumen _bnc |
||
| 500 | _aEl CD contiene el reporte | ||
| 502 |
_aTesis _b(Ingeniero Agroindustrial) -- _cUACh. Departamento de Ingeniería Agroindustrial, _d2012 |
||
| 504 | _aBibliografía: hojas 59-63 | ||
| 520 | 3 | _aEn el presente trabajo se obtuvo la formulación de un atole integral, elaborado con harina de trigo integral. La harina de trigo empleada en la formulación se pregelatinizó, a fin de obtener un producto más viscoso y estable. El proceso de pregelatinización fue optimizado utilizando el método de superficie de repuesta, cuya variable de respuesta fue la viscosidad. El tratamiento óptimo en el cual se alcanzó la máxima viscosidad fue de 16 mL de agua/100 g de harina integral a 75°C durante 6 minutos. Para el análisis de la viscosidad se utilizó un viscosímetro Brookfield y para la cinética de viscosidad se propuso un método de medición sencillo en el cual se midió el área de expansión de la muestra a temperatura de 65° C con una disminución de 5° hasta 35°C en una cuadricula milimétrica. Se obtuvo la formulación del atole de harina integral de trigo. Se caracterizaron atoles comerciales; Maizena, Tres Estrellas y Aurrerá, con base en la viscosidad, sinéresis y vida de anaquel; la viscosidad fue medida con el método propuesto. La sinéresis y vida de anaquel fueron analizadas por triplicado en atoles preparados con las muestras comerciales y la de prueba, después de someterlas a refrigeración a 8°C durante seis días. El atole elaborado con la harina pregelatinizada presentó una cinética de viscosidad similar a la de los atoles comerciales, pero mayor estabilidad en su estructura en comparación con los atoles comerciales. No se observó presencia de hongos en ninguna de las muestras. Se analizó el contenido de aflatoxinas en 5 muestras de harina de trigo de las variedades: Rebeca, Tlaxcala, Maya, Temporalera y Galvez, así como la harina integral pregelatinizada, utilizando una prueba rápida con el equipo CHARM SCIENCES INC Modelo ROSAR-M Reader, configurado para la cuantificación de Aflatoxinas, las 6 muestras se encontraron dentro del rango establecido por la NOM188-SSA1-2002. En la prueba de aceptación global, el atole de trigo de harina integral formulado, presentó calificaciones promedio de 6 para el aspecto, 5.8 para la consistencia y 5.9 para el sabor, en una escala hedónica de 7 puntos; por lo que el producto presenta una buena aceptación sensorial. | |
| 520 | 3 | _aIn the present work was to formulate a comprehensive atole, made with whole wheat flour. Wheat flour used in the formulation is pregelatinized, to obtain a more viscous and stable product. Pregelatinization process was optimized using the response surface methodology, as was the response variable viscosity. The optimal treatment in which the maximum viscosity was reached was 16 ml water/100 g of wheat flour at 75 ° C for 6 minutes. For analysis of viscosity Brookfield viscometer was used and for the kinetics of viscosity was proposed a simple measurement method in which the measured area expansion of the sample at a temperature of 65 ° C with a decrease of 5 ° to 35 ° C in a millimeter grid. Formulation was obtained gruel of wheat flour. Atolls were characterized commercial cornstarch, Three Stars and Aurrera, based on the viscosity, syneresis and shelf life, the viscosity was measured with the proposed method. Syneresis and shelf life were analyzed in triplicate on gruels prepared with commercial samples and test after submitting to cooling to 8 ° C for six days. The gruel prepared with the pregelatinized flour showed a kinetic viscosity similar to that of the commercial gruel but greater stability in their structure compared to commercial gruel. Not observed any presence of fungi in the samples. Were analyzed for aflatoxin content in 5 samples of wheat varieties: Rebecca, Tlaxcala, Maya, and Galvez Temporalera and the pregelatinized wheat flour, using a quick test with the team CHARM SCIENCES INC-M Model ROSAR Reader configured for quantification of aflatoxin, the 6 samples were within the range established by the NOM-188-SSA12002. The overall acceptance test, the wheat gruel made of flour, 6 showed average scores for appearance, 5.8 to 5.9 for consistency and flavor, in a 7-point hedonic scale, so the product has a good sensory acceptance. | |
| 650 | 1 | 3 |
_aTrigo _2atg |
| 650 | 1 | 3 |
_aProductos derivados de trigo _2atg |
| 650 | 1 | 3 |
_aWheat _2atg |
| 650 | 1 | 3 |
_aWheat products _2atg |
| 700 | 1 |
_aPérez Herrera, Patricia _edirectora |
|
| 700 | 1 |
_aBuendía González, María Ofelia _easesora |
|
| 700 | 1 |
_aYbarra Moncada, Ma. Carmen _easesora |
|
| 856 | 4 | 1 |
_uhttp://10.13.5.2/tesis/115127.pdf _yDescargar PDF |
| 901 | _aTESIS G668 2012 | ||
| 902 | _aM | ||
| 905 | _a5232272012 mx aml 7222223322spa16 | ||
| 942 |
_cTESIS _2Clasificación Universidad Autónoma Chapingo |
||
| 999 |
_c170796 _d170796 |
||